000 00402 a2200133 4500
001 87794
082 _aPR 171
090 _c41255
_d41255
100 _aAbdul Wahab, Plt Off 15658 71 EC
245 _aStudy and analysis of combined loading on stress concentration factor "Kt"
260 _aRisalpur
_bNUST Risalpur
_c2011
300 _av, 52p.
_eTaimur Qureshi, Wg Cdr (R)
500 _aBE Project Reports
942 _aCAE NUST
_kPR 171
999 _c322867
_d322867